000 00758nam a2200217Ia 4500
001 4927
003 GE_BSU
008 181216s||||||||xx |||||||||||||| ||und||
040 _cGE_BSU
080 _a629.73.064
100 _aДомотенко,Н.Т. Кравец,А.С. Пугачев,А.И. Сивашенко,Т.И.
245 _aАвиационные силовые установки: Системы и устроиства.
245 _bУчебн. пособ.
245 _cРед. А.М.Мещеряков.
260 _aМ.
260 _bТранспорт.
260 _c1970.
300 _a352стр.22см. с илл. библиогр.:стр.343-345.
653 _aАвиационные силовые установки.
942 _cBK
999 _c38682
_d38682